اعجازسخن / (Record no. 42559)

MARC details
000 -LEADER
fixed length control field 00832nam a22002417a 4500
005 - DATE AND TIME OF LATEST TRANSACTION
control field 20100819143758.0
008 - FIXED-LENGTH DATA ELEMENTS--GENERAL INFORMATION
fixed length control field 090109t xxu||||| |||| 00| 0urd d
010 ## - LCCN (DPL NO)
LC control number UR-7783
020 ## - INTERNATIONAL STANDARD BOOK NUMBER
Terms of availability 200.00
035 ## - SYSTEM CONTROL NUMBER
System control number U-6338
040 ## - CATALOGING SOURCE
Original cataloging agency dpl
Language of cataloging urd
082 ## - DEWEY DECIMAL CLASSIFICATION NUMBER
Classification number 841
100 ## - MAIN ENTRY--PERSONAL NAME
9 (RLIN) 12785
Personal name اعجازاعظمی
245 ## - TITLE STATEMENT
Title اعجازسخن /
Statement of responsibility, etc اعجازاعظمی
246 ## - VARYING FORM OF TITLE
Title proper/short title Aijaz-E-Sukhan /
Remainder of title by Aijaz Azmi
260 ## - PUBLICATION, DISTRIBUTION, ETC. (IMPRINT)
Place of publication, distribution, etc نئ دہلی
Date of publication, distribution, etc 2008
Name of publisher, distributor, etc اردو بک ریویو
270 ## - ADDRESS
City New Delhi
Address 1739/3, Basement New Kohinoor Hotel, Daryagang
Telephone number 23266347
Postal code 110002
300 ## - PHYSICAL DESCRIPTION
Extent 368 ص
Dimensions 22 س م (Hb)
650 ## - SUBJECT ADDED ENTRY--TOPICAL TERM
Source of heading or term critisim
9 (RLIN) 12786
700 ## - ADDED ENTRY--PERSONAL NAME
9 (RLIN) 13088
942 ## - ADDED ENTRY ELEMENTS (KOHA)
Source of classification or shelving scheme Dewey Decimal Classification
Item type Urdu Bks
Classification part 841
Call number suffix ا ع ج
Holdings
Withdrawn status Lost status Source of classification or shelving scheme Damaged status Not for loan Collection code Home library Current library Date acquired Source of acquisition Cost, normal purchase price Total Checkouts Full call number Barcode Date last seen Copy number Cost, replacement price Koha item type
    Dewey Decimal Classification   Not For Loan Non-fiction D.B.Act.Division D.B.Act.Division 19/08/2010 DBAD/PUB 200.00   841 ا ع ج U-6338 19/08/2010 1 200.00 Urdu Bks

© Delhi Public Library
Hit Counter
free hit counter